00518nam a2200181Ia 4500008004100000020001800041082000800059100002500067245004500092250000600137260002900143300001600172500002400188650001000212942000700222952009000229999001700319230524s9999 xx 000 0 und d a9788121920728 bCHA aS.P. Chandola942839 2aA TextBook Of Transportation Engineering a1 aNew DelhibS.Chandc2015 a"XII,525p;" aQuantity Number: 1 aCivil cBK 00104070aTATCLbTATCLcGENd2023-05-24l0o CHAp54125r2023-05-24w2023-05-24yBK c57813d57813